Digital communication receivers : (Record no. 212442)
[ view plain ]
| 000 -LEADER | |
|---|---|
| fixed length control field | 01050 a2200181 4500 |
| 003 - CONTROL NUMBER IDENTIFIER | |
| control field | Nust |
| 005 - DATE AND TIME OF LATEST TRANSACTION | |
| control field | 20220817092923.0 |
| 020 ## - INTERNATIONAL STANDARD BOOK NUMBER | |
| International Standard Book Number | 0471502758 |
| 040 ## - CATALOGING SOURCE | |
| Transcribing agency | Nust |
| 082 ## - DEWEY DECIMAL CLASSIFICATION NUMBER | |
| Classification number | 621.382,MEY |
| 245 ## - TITLE STATEMENT | |
| Title | Digital communication receivers : |
| Remainder of title | synchronization, channel estimation and signal processing / |
| Statement of responsibility, etc. | Heinrich Meyr, |
| 260 ## - PUBLICATION, DISTRIBUTION, ETC. | |
| Place of publication, distribution, etc. | NewYork |
| Name of publisher, distributor, etc. | Wiley interscience publications |
| Date of publication, distribution, etc. | 1998 |
| 300 ## - PHYSICAL DESCRIPTION | |
| Extent | 827p |
| 440 ## - SERIES STATEMENT/ADDED ENTRY--TITLE | |
| Title | wiley series telecommunications and signal processing |
| 9 (RLIN) | 97529 |
| 505 ## - FORMATTED CONTENTS NOTE | |
| Formatted contents note | Introduction (Page-1), Basic material (Page-9), Baseband communications (Page-61), Passband communication over time invariant channels (Page-211), Synthesis of synchronization algorithms (Page-271), Performance analysis of synchronizers (Page-325), Bit error rate degradation caused by random tracking errors (Page-419), Frequency estimation (Page-445), Timing adjustment by interpolation (Page-505), DSP system implementation (Page-533), Part E Communication over fadding channels (Page-581). |
| 650 ## - SUBJECT ADDED ENTRY--TOPICAL TERM | |
| Topical term or geographic name entry element | Telecommunication Engineering. |
| 942 ## - ADDED ENTRY ELEMENTS (KOHA) | |
| Koha item type | Reference |
| Source of classification or shelving scheme | |
| Withdrawn status | Lost status | Source of classification or shelving scheme | Damaged status | Not for loan | Permanent Location | Current Location | Shelving location | Date acquired | Full call number | Barcode | Date last seen | Price effective from | Koha item type | Public note |
|---|---|---|---|---|---|---|---|---|---|---|---|---|---|---|
| Military College of Signals (MCS) | Military College of Signals (MCS) | Reference | 12/12/2016 | 621.382,MEY | MCS28795 | 12/08/2016 | 12/12/2016 | Reference | Almirah No.22, Shelf No.1 |
